000 00759nam a22002417a 4500
001 BR8807016
003 BR-BrBNA
005 20230928093053.0
007 ta
008 230509b bl.||||| |||| 00| 0 por d
040 _aBR-BrBNA
_bpor
_cBiblioteca Nacional de Agricultura
041 _a(Por)
072 _aK10
_b/G514
090 _ K10 BR8807016
110 1 _aInstituto de Terras, Cartografia e Florestas, Curitiba, PR (Brasil)
_96277
245 1 _aPlano de reposicao florestal para o estado do Parana - Programa energia; Programa madeira; Programa preservcao
_bVersao resumida
260 3 _aCuritiba, PR (Brasil):
_c1985.
300 _a18 p.
650 _aREFLORESTAMENTO
650 _aPARANA
909 _a202309
_bLucia
_c55
_dLucia Elande
942 _cBK
999 _c42825
_d42825